00421nam a22001577a 4500003001100000005001700011008004100028040003900069041000800108082001600116100002200132245002800154260002800182300003100210650002200241LK-CoMWRAF20230924170037.0230924b1974 |||||||| |||| 00| 0 eng d aLK-CoMWRAFdLK-CoMWRAFeLK-CoMWRAF aeng a954.93bWIJ aWijetunga, W.M.K. aSri Lanka in transition aColombo:bAuthor,c1974 a146, [2] p. : maps ; 19 cm aHISTORY-Sri Lanka